Bahnhöfe in Lübeck - Statistiken

Allgemein
  • Dieses Quiz wurde 78 mal gespielt
  • Das Durchschnittsergebnis liegt bei 6 aus 10
Antwortstatistiken
Antwort % Korrekt
Hauptbahnhof
95%
Moisling
82%
St. Jürgen
68%
Travemünde Strand
68%
Hochschulstadtteil
58%
Dänischburg IKEA
55%
Kücknitz
52%
Travemünde Skandinavienkai
48%
Flughafen
47%
Travemünde Hafen
44%
Keine übereinstimmenden Quizze gefunden
Verteilung der Resultate
Anzahl Personen mit jedem Resultat
Perzentil nach korrekt beantworteten Fragen
Ihre Resultats-Entwicklung
Sie haben dieses Quiz noch nicht gespielt